00438nam a22001577a 450000500170000001000150001702000260003203500130005803700130007108200100008410000280009424500570012226000370017927000370021630000270025320160927154111.0 aENG-116117 a9788189056292c400.00 aEN-99649 bDBAD/PUB a371.2 aTripathi, Krishna Mohan aGovernance in education /cby krishna Mohan Tripathi aAllahbadbShivam Prakashanc2015 a379A,Shivkuti bAllahbade211002 a112p. :billc22cm(Hb)